| 000 | 00719nam a22002177a 4500 | ||
|---|---|---|---|
| 010 | _aA-953863 | ||
| 020 |
_a8176260002 _c1000 |
||
| 035 | _aA-953863 | ||
| 037 | _bCen Lib / Ret | ||
| 040 |
_aDPL _bEn |
||
| 082 |
_a335.43 _bDOC |
||
| 245 |
_aDocuments of the communist movement in India / _cedited by Jyoti Basu...[et al] |
||
| 260 |
_aCulcutta _bNational Book Agency _c1997 |
||
| 270 |
_a12 Nankim Chatterjee Street _bCulcutta _e700073 |
||
| 300 |
_av 7. 890p _c27cm(Hb) |
||
| 505 | _av 7. 1952-1956 | ||
| 650 | _aCommunism -- India -- History. | ||
| 650 | _aIndia -- Politics and government -- 20th century. | ||
| 650 | _aComunismo -- India -- Historia. | ||
| 942 |
_2ddc _cEN _h335.43 _mDOC |
||
| 999 |
_c136893 _d136893 |
||